التخطيط المالي كأداة لتحقيق الشفافية والمصداقية في الجمعيات الأهلية غير الهادفة للربح / معهد التخطيط القومى؛ إيمان أحمد الشربيني.

يتناول هذا الكتاب التخطيط المالي والأسس المحاسبية التي تتبعها الجمعيات الأهلية الغير هادفة اللربح وذلك في إطار مبدأ توفير المعلومات وإتاحتها مع ضمان عدم استخدام هذه المعلومات لأغراض أخرى....

全面介绍

Saved in:
书目详细资料
企业作者: معهد التخطيط القومى
其他作者: الشربيني، إيمان أحمد
格式: 图书
语言:阿拉伯语
出版: القاهرة : معهد التخطيط القومي، 2002.
丛编:مذكرة خارجية رقم ؛ 1609.
主题:
标签: 添加标签
没有标签, 成为第一个标记此记录!

MARC

LEADER 00000nam a22000007a 4500
003 INP
005 20180509152909.0
008 180122s2002 ua ak||fr|||| 00| 0 ara d
952 |0 0  |1 0  |4 0  |6 338_900000000000000_م_ذ_1609  |7 0  |8 External N  |9 5768  |a INP  |b INP  |c MAIN  |d 2018-04-29  |l 0  |o 338.9 م.ذ 1609  |p 007993  |r 2022-03-28 00:00:00  |w 2018-04-29  |y EN  |0 0  |0 0 
952 |0 0  |1 0  |4 0  |6 338_900000000000000_م_ذ_1609  |7 0  |8 External N  |9 5769  |a INP  |b INP  |c MAIN  |d 2018-04-29  |l 0  |o 338.9 م.ذ 1609  |p 007992  |r 2022-03-28 00:00:00  |w 2018-04-29  |y EN  |0 0  |0 0 
952 |0 0  |1 0  |4 0  |6 338_900000000000000_م_ذ_1609  |7 0  |8 External N  |9 5771  |a INP  |b INP  |c MAIN  |d 2018-04-29  |l 0  |o 338.9 م.ذ 1609  |p 007991  |r 2022-03-28 00:00:00  |w 2018-04-29  |y EN  |0 0  |0 0 
952 |0 0  |1 0  |4 0  |6 338_900000000000000_م_ذ_1609  |7 0  |8 External N  |9 5772  |a INP  |b INP  |c MAIN  |d 2018-04-29  |l 0  |o 338.9 م.ذ 1609  |p 007990  |r 2022-03-28 00:00:00  |w 2018-04-29  |y EN  |0 0  |0 0 
952 |0 0  |1 0  |4 0  |6 338_900000000000000_م_ذ_1609  |7 0  |8 External N  |9 5773  |a INP  |b INP  |c MAIN  |d 2018-04-29  |l 0  |o 338.9 م.ذ 1609  |p 007989  |r 2022-03-28 00:00:00  |w 2018-04-29  |y EN  |0 0  |0 0 
999 |c 1717  |d 1717 
040 |a EG-INP  |b ara  |c EG-INP 
043 |a f-ua--- 
082 0 4 |a 338.9  |b م.ذ 1609  |2 21 
110 2 |a معهد التخطيط القومى. 
245 1 2 |a التخطيط المالي كأداة لتحقيق الشفافية والمصداقية في الجمعيات الأهلية غير الهادفة للربح /   |b معهد التخطيط القومى؛ إيمان أحمد الشربيني. 
260 |a القاهرة :  |b معهد التخطيط القومي،  |c 2002. 
300 |a 180 ص. :  |b أشكال، جداول ؛  |c 24 سم. 
490 |a مذكرة خارجية رقم ؛   |v 1609. 
500 |a مذكرة خارجية رقم 1609. 
520 |a يتناول هذا الكتاب التخطيط المالي والأسس المحاسبية التي تتبعها الجمعيات الأهلية الغير هادفة اللربح وذلك في إطار مبدأ توفير المعلومات وإتاحتها مع ضمان عدم استخدام هذه المعلومات لأغراض أخرى. 
650 7 |a الجمعيات التعاونية.  |2 qrmak 
650 7 |a التعاون.  |2 qrmak 
651 7 |a مصر  |x أحوال اقتصادية.  |2 qrmak 
700 1 |a الشربيني، إيمان أحمد. 
901 |a EGPV9 
902 |a EGPV4 
903 |a original 
942 |2 ddc  |c EN